Un secreto comercial (Record no. 76322)

MARC details
000 -LEADER
campo de control de longitud fija 00652nam a2200193 i 4500
001 - NÚMERO DE CONTROL
campo de control 76322
003 - IDENTIFICADOR DE NÚMERO DE CONTROL
campo de control ES-MaACL
005 - FECHA Y HORA DE LA ÚLTIMA TRANSACCIÓN
campo de control 20230906172813.0
007 - CAMPO FIJO DE DESCRIPCIÓN FÍSICA--INFORMACIÓN GENERAL
campo de control de longitud fija t|
008 - DATOS DE LONGITUD FIJA--INFORMACIÓN GENERAL
campo de control de longitud fija 040930s1970 sp ||||1| spa d
100 1# - ENTRADA PRINCIPAL--NOMBRE DE PERSONA
Nombre de persona Gross, Herbert.
9 (RLIN) 60167
245 13 - MENCIÓN DEL TÍTULO
Título Un secreto comercial
Resto del título : el "Boom" de los sistemas de franquicia /
Mención de responsabilidad, etc. Herbert Gross, Walther ; [traducción de Carmen Penella de Silva y Ladislao Lomoschitz].
260 ## - PUBLICACIÓN, DISTRIBUCIÓN, ETC.
Lugar de publicación, distribución, etc. Salamanca :
Nombre del editor, distribuidor, etc. Anaya,
Fecha de publicación, distribución, etc. 1970.
300 ## - DESCRIPCIÓN FÍSICA
Extensión 239 p. ;
Dimensiones 18 cm.
700 1# - ENTRADA AGREGADA--NOMBRE PERSONAL
Nombre de persona Skaupy, Walther.
9 (RLIN) 106738
700 1# - ENTRADA AGREGADA--NOMBRE PERSONAL
Nombre de persona Penella, Carmen.
9 (RLIN) 90164
700 1# - ENTRADA AGREGADA--NOMBRE PERSONAL
Nombre de persona Lomoschitz, Ladislao.
9 (RLIN) 73206
852 ## - LOCALIZACIÓN
Ubicación ES-MaACL
Número de control de estantería C-44284
Sublocalización o colección R.76280
Holdings
Estatus retirado Estado de pérdida Estado de daño No para préstamo Biblioteca de origen Biblioteca actual Ubicación en estantería Fecha de adquisición Fuente de adquisición Total de préstamos Signatura topográfica completa Código de barras Visto por última vez Precio de reemplazo Tipo de ítem Koha
        Biblioteca del Ateneo de Madrid Biblioteca del Ateneo de Madrid Depósito 2 17/01/2008     C-44284 1079872 23/02/2023 23/02/2023 Libro impreso